LEADER 01299cam0 22002891 450 001 SOBE00020437 005 20210413091005.0 010 $a9788873952190 100 $a20111206d2007 |||||ita|0103 ba 101 $aeng 102 $aIT 200 1 $aAcademic malpractice threats and temptations$ean essay of the Magna charta observatory and the National unions of students in Europe (ESIB)$fObservatory for fundamental university value and rights$gAndris Barblan, Michael Daxner, Vanja Ivosevic 210 $aBologna$cBononia university press$d2007 215 $a106 p.$d19 cm 702 1$aBarblan, Andris$3A600200039354$4070 702 1$aDaxner, Michael$3A600200051048$4070 702 1$aIvosevic, Vanja$3SOBA00001992$4070 710 02$a*Magna *charta *observatory$3SOBA00001829$4070$0774556 801 0$aIT$bUNISOB$c20210413$gRICA 850 $aUNISOB 852 $aUNISOB$jFondo|De|Sanctis|F$m155183 912 $aSOBE00020437 940 $aM 102 Monografia moderna SBN 941 $aM 957 $aFondo|De|Sanctis|F$b000387$gCON$d155183$hDeSanctisF$rdono$tN$1menle$2UNISOB$3UNISOB$420111206085448.0$520210413091005.0$6Spinosa$fPer le modalità di consultazione vedi homepage della Biblioteca link Fondi 996 $aAcademic malpractice threats and temptations$91719510 997 $aUNISOB LEADER 01103nam a2200289 i 4500 001 991001182319707536 005 20020507112341.0 008 960618s1968 us ||| | eng 035 $ab10185100-39ule_inst 035 $aLE00643524$9ExL 040 $aDip.to Fisica$bita 084 $a53.1.65 084 $a53.1.67 084 $a510.65 100 1 $aHimmelblau, David M.$018538 245 10$aProcess analysis and simulation :$bdeterministic systems /$cDavid M. Himmelblau, Kenneth B. Bischoff 260 $aNew York :$bJohn Wiley & Sons,$c1968 300 $a348 p. ;$c29 cm. 650 4$aNumerical analysis 700 1 $aBischoff, Kenneth B. 907 $a.b10185100$b21-09-06$c27-06-02 912 $a991001182319707536 945 $aLE006 510.62+510.65 HIM$g1$i2006000009317$lle006$o-$pE0.00$q-$rl$s- $t0$u0$v0$w0$x0$y.i10227398$z27-06-02 945 $aLE006 510.62+510.65 HIM$g2$i2006000009324$lle006$o-$pE0.00$q-$rl$s- $t0$u0$v0$w0$x0$y.i10227404$z27-06-02 996 $aProcess analysis and simulation$9190410 997 $aUNISALENTO 998 $ale006$b01-01-96$cm$da $e-$feng$gus $h0$i2 LEADER 01144nam--2200337---450 001 990003071320203316 005 20190404114440.0 010 $a88-8476-036-4 035 $a000307132 035 $aUSA01000307132 035 $a(ALEPH)000307132USA01 035 $a000307132 100 $a20080227d2003----km-y0itay50------ba 101 $aita 102 $aIT 105 $a||||||||001yy 200 1 $aTipologia linguistica del genere epistolare nel primo Ottocento$esondaggi sulle lettere familiari di mittenti colti$fGiuseppe Antonelli 210 $aRoma$cEdizioni dell'ateneo$d2003 215 $a272 p.$d25 cm 225 2 $aItaliana per la storia della lingua scritta in Italia$v3 410 0$12001$aItaliana per la storia della lingua scritta in Italia$v, 3 676 $a856 700 1$aANTONELLI,$bGiuseppe$f<1970- >$0751554 801 0$aIT$bsalbc$gISBD 912 $a990003071320203316 951 $aXVII A.A. 292$b8525 DLAS$cXVII A.A.$d428254 959 $aBK 969 $aCAS 979 $aDLAS$b10$c20080227$lUSA01$h1226 996 $aTipologia linguistica del genere epistolare nel primo Ottocento$93616469 997 $aUNISA